000 00506nam a2200205Ia 4500
003 OSt
005 20221007112304.0
006 a|||||r|||| 00| 0
007 ta
008 221006b |||||||| |||| 00| 0 eng d
024 _a26,069
037 _cBound Volume
040 _aLCO
_cLCO
_beng
041 _2eng
_aeng
245 0 _aMORDEN LAW REVIEW
260 _aLandon
_bStevens and limited Landon
_c1971
490 _v45 -1982
942 _cCR
999 _c1195632
_d1195632